La calle es libre / (Record no. 27188)

MARC details
000 -LEADER
fixed length control field 02375cam a2200433Ia 4500
001 - CONTROL NUMBER
control field 27074087
003 - CONTROL NUMBER IDENTIFIER
control field OCoLC
005 - DATE AND TIME OF LATEST TRANSACTION
control field 20220628134515.0
008 - FIXED-LENGTH DATA ELEMENTS--GENERAL INFORMATION
fixed length control field 921205s1990 ve a j 000 1 spa d
020 ## - INTERNATIONAL STANDARD BOOK NUMBER
International Standard Book Number 9802570508
020 ## - INTERNATIONAL STANDARD BOOK NUMBER
International Standard Book Number 9789802570508
040 ## - CATALOGING SOURCE
Original cataloging agency UOK
Language of cataloging eng
Transcribing agency UOK
Modifying agency COG
041 ## - LANGUAGE CODE
Language code of text/sound track or separate title spa
090 ## - LOCALLY ASSIGNED LC-TYPE CALL NUMBER (OCLC); LOCAL CALL NUMBER (OCLC)
Classification number (OCLC) (R) ; Classification number, CALL (RLIN) (NR) PZ73.K825
Local cutter number (OCLC) ; Book number/undivided call number, CALL (RLIN) C35 1992x
092 ## - LOCALLY ASSIGNED DEWEY CALL NUMBER (OCLC)
Classification number E
Item number KUR
100 0# - MAIN ENTRY--PERSONAL NAME
Personal name Kurusa.
Authority record control number http://id.loc.gov/authorities/names/n87831210.
245 13 - TITLE STATEMENT
Title La calle es libre /
Statement of responsibility, etc. texto, Kurusa ; imagenes, Monika Doppert.
250 ## - EDITION STATEMENT
Edition statement 4a ed.
260 ## - PUBLICATION, DISTRIBUTION, ETC. (IMPRINT)
Place of publication, distribution, etc. Caracas :
Name of publisher, distributor, etc. Ediciones Ekare-Banco del Libro,
Date of publication, distribution, etc. [1996], 1990.
264 #1 - PRODUCTION, PUBLICATION, DISTRIBUTION, MANUFACTURE, AND COPYRIGHT NOTICE
Place of production, publication, distribution, manufacture Caracas :
Name of producer, publisher, distributor, manufacturer Ediciones Ekare-Banco del Libro,
Date of production, publication, distribution, manufacture, or copyright notice [1996], 1990.
300 ## - PHYSICAL DESCRIPTION
Extent 47 unnumbered pages :
Other physical details illustrations (some color) ;
Dimensions 21 x 23 cm.
336 ## - CONTENT TYPE
Content type term text
Content type code txt
Source rdacontent.
337 ## - MEDIA TYPE
Media type term unmediated
Media type code n
Source rdamedia.
338 ## - CARRIER TYPE
Carrier type term volume
Carrier type code nc
Source rdacarrier.
385 ## - AUDIENCE CHARACTERISTICS
Demographic group code age
Audience term Children
Source lcdgt.
490 1# - SERIES STATEMENT
Series statement Coleccion Asi vivimos.
500 ## - GENERAL NOTE
General note "Una produccion del Banco del Libro y de la Fundacion para el Desarrollo de la Communidad y Fomento Municipal (Fundacomun)."
520 ## - SUMMARY, ETC.
Summary, etc. "Basado en la historia verdadera de unos ninos del Barrio San Jose de La Urbina, que querian un parque de juegos."
520 ## - SUMMARY, ETC.
Summary, etc. The children of a rapidly growing part of Caracas want and need a park.
650 #0 - SUBJECT ADDED ENTRY--TOPICAL TERM
Topical term or geographic name as entry element Community development
Authority record control number http://id.loc.gov/authorities/subjects/sh85029215
-- http://id.loc.gov/authorities/subjects/sh85029215
Geographic subdivision Venezuela
-- Caracas
Authority record control number http://id.loc.gov/authorities/names/n79097478
Form subdivision Juvenile fiction.
Authority record control number http://id.loc.gov/authorities/subjects/sh99001687.
650 #0 - SUBJECT ADDED ENTRY--TOPICAL TERM
Topical term or geographic name as entry element Parks
Geographic subdivision Venezuela
Authority record control number http://id.loc.gov/authorities/subjects/sh85098200
Geographic subdivision Caracas
Authority record control number http://id.loc.gov/authorities/names/n79097478
Form subdivision Juvenile fiction.
Authority record control number http://id.loc.gov/authorities/subjects/sh99001687.
650 #0 - SUBJECT ADDED ENTRY--TOPICAL TERM
Topical term or geographic name as entry element Spanish language materials
Form subdivision Juvenile fiction.
651 #0 - SUBJECT ADDED ENTRY--GEOGRAPHIC NAME
Geographic name San Jose de la Urbina (Caracas, Venezuela)
Form subdivision Juvenile fiction.
651 #0 - SUBJECT ADDED ENTRY--GEOGRAPHIC NAME
Geographic name Caracas (Venezuela)
Authority record control number http://id.loc.gov/authorities/names/n79097478
Form subdivision Juvenile fiction.
Authority record control number http://id.loc.gov/authorities/subjects/sh99001687.
655 #7 - INDEX TERM--GENRE/FORM
Genre/form data or focus term Fiction.
Source of term lcgft
Authority record control number http://id.loc.gov/authorities/genreForms/gf2014026339.
700 1# - ADDED ENTRY--PERSONAL NAME
Personal name Doppert, Monika.
Authority record control number http://id.loc.gov/authorities/names/n87831212.
830 #0 - SERIES ADDED ENTRY--UNIFORM TITLE
Uniform title Coleccion Asi vivimos.
Authority record control number http://id.loc.gov/authorities/names/no99078930.
942 ## - ADDED ENTRY ELEMENTS (KOHA)
Koha item type Libro/Book
Source of classification or shelving scheme Dewey Decimal Classification
Holdings
Withdrawn status Lost status Damaged status Not for loan Home library Current library Shelving location Date acquired Inventory number Total Checkouts Total Renewals Full call number Barcode Date last seen Date checked out Price effective from Koha item type Checked out
        San Juan Del Sur -- Mobile Ostional   26/12/2022 Inventory date: 1-2-25 5 2 JF 33017181 17/03/2026 17/03/2026 26/12/2022 Libro/Book 21/04/2026
        San Juan Del Sur -- Mobile San Jeronimo -- Satellite   26/12/2022   2   JFI 33017184 27/02/2024 27/02/2024 26/12/2022 Libro/Book 02/04/2024
        San Juan Del Sur -- Biblioteca San Juan Del Sur -- Biblioteca Children's Area 08/02/2022       JC 30028719 08/02/2022   08/02/2022 Libro/Book  
        San Juan Del Sur -- Biblioteca San Juan Del Sur -- Biblioteca Children's Area 22/06/2022 Inventory date: 15-5-25 4   JC 30028788 18/12/2025 18/12/2025 22/06/2022 Libro/Book 22/01/2026
        San Juan Del Sur -- Mobile San Juan Del Sur -- Mobile Children's Area 08/02/2022 Inventory date: 1-2-25 1 1 JES 30028717 23/10/2024 12/05/2023 08/02/2022 Libro/Book  
        San Juan Del Sur -- Mobile San Juan Del Sur -- Mobile   26/12/2022 Inventory date: 1-2-25 2   JF 33017190 09/10/2024 17/04/2024 26/12/2022 Libro/Book  
        San Juan Del Sur -- Mobile San Juan Del Sur -- Mobile   12/02/2023 Inventory date: 1-2-25     JES 30029763 12/02/2023   12/02/2023 Libro/Book  
        San Juan Del Sur -- Mobile San Juan Del Sur -- Mobile   14/02/2023 Inventory date: 1-2-25     JES 30029764 14/02/2023   14/02/2023 Libro/Book  
        San Juan Del Sur -- Mobile Sapoa   26/12/2022   2   JFI 33017187 16/05/2024 16/05/2024 26/12/2022 Libro/Book 20/06/2024

Powered by Koha